000 01517nam a22002057a 4500
999 _c60338
_d60338
003 Ge_BSU
005 20230630111225.0
008 230630s2023 ge ||||| |||| 00| 0 geo d
041 _ageo
080 _a54 ს-96
100 _aსურმანიძე, ნონა
_919095
245 _a''ფშატის (Elaeagnus Umbellata Thunb.) ნაყოფებისა და ფოთლების ბიოლოგიურად აქტიური ნაერთების ქრომატოგრაფიული კვლევა"
_bდისერტაცია /
_cნონა სურმანიძე; სამეცნიერო ხელმძღვანელი მაია ვანიძე; ბსუ. საბუნებისმეტყველო მეცნიერებათა და ჯანდაცვის ფაკულტეტი. ქიმიის დეპარტამენტი.
264 _aბათუმი,
_c2023.
300 _a113 გვ.;
_b30 სმ.
504 _aბიბლიოგრ. გვ. 102-113
653 _aქიმია
700 _aვანიძე, მაია
_eსამეცნიერო ხელმძღვანელი
_92896
710 _a ბსუ.
_bსაბუნებისმეტყველო მეცნიერებათა და ჯანდაცვის ფაკულტეტი. ქიმიის დეპარტამენტი.
_919097
942 _2udc
_cDS